Sociálno-ekonomické problémy kultúry a prostriedkov hromadnej informácie Vybrané časti

Saved in:
Bibliographic Details
Format: Book
Language:Slovak
Published: Bratislava Výskumný ústav kult. 1987
Edition:1. vyd.
Series:Kultúra v zahraničí 1/1987
Tags: Add Tag
No Tags, Be the first to tag this record!

MARC

LEADER 00000nam a2200000 4500
001 c030413
005 20250905125827.4
041 0 |a slo 
044 |a SK 
245 1 0 |a Sociálno-ekonomické problémy kultúry a prostriedkov hromadnej informácie  |b Vybrané časti  |c V.G. Zinini a kol., I.E. Diskin 
250 |a 1. vyd. 
264 1 |a Bratislava  |b Výskumný ústav kult.  |c 1987 
300 |a 162 s. 
490 1 |a Kultúra v zahraničí  |v 1/1987 
830 0 |a Kultúra v zahraničí  |v 1/1987